LEADER 04176oam 2200661 c 450 001 996354441903316 005 20220221094418.0 010 $a3-8309-7685-2 024 3 $a9783830976851 035 $a(CKB)4330000000531161 035 $a(Waxmann)9783830976851 035 $a(EXLCZ)994330000000531161 100 $a20220221d2012 uy 0 101 0 $ager 135 $aurnnunnnannuu 181 $ctxt$2rdacontent 182 $cc$2rdamedia 183 $acr$2rdacarrier 200 00$aProfessionalisierung in der Fru?hpa?dagogik$eQualifikationsniveau und -bedingungen des Personals in Kindertagessta?tten. Gutachten$b[electronic resource]$fvbw - Vereinigung der Bayerischen Wirtschaft e.V 205 $a1st, New ed. 210 $aMu?nster$cWaxmann$d2012 215 $a1 online resource (100 p.) 311 $a3-8309-2685-5 330 $aDie o?ffentlichen Erwartungen an fru?hpa?dagogische Einrichtungen haben sich im vergangenen Jahrzehnt deutlich gewandelt: Kindertageseinrichtungen werden nicht mehr nur als Betreuungs-, sondern viel mehr als zentrale Bildungseinrichtungen wahrgenommen. Der gegenwa?rtige quantitative Ausbau muss deshalb durch Maßnahmen zur Sicherstellung und Verbesserung der Qualita?t der Kindertageseinrichtungen begleitet werden. Zu den prima?ren Anforderungen za?hlen neben der optimalen Fo?rderung der Kinder in allen Bereichen Ihrer Entwicklung auch Bemu?hungen, individuell oder familial bedingte Ungleichheiten der Kinder zu reduzieren. Unter Beru?cksichtigung der Bildungspla?ne sollen fru?hpa?dagogische Kindertageseinrichtungen zudem den U?bergang in die Grundschule erleichtern und die Kinder auf eine erfolgreiche Schullaufbahn vorbereiten. Mit Blick auf die hohen Erwartungen an die Qualita?t der fru?hpa?dagogischen Einrichtungen analysiert der Aktionsrat Bildung in seinem aktuellen Gutachten die Rolle von Qualifikationsniveau und -bedingungen der pa?dagogischen Fachkra?fte. Er zeigt die gegenwa?rtige Personalstruktur auf und liefert eine Vorausschau auf die Personalbedarfe bis zum Jahr 2020. Unter Zugrundelegung der analysierten Handlungsbedarfe nennt er schließlich konkrete Schritte fu?r deren Umsetzung. Der Aktionsrat Bildung ist ein politisch unabha?ngiges Gremium, dem folgende Experten angeho?ren: Prof. Dr. Dieter Lenzen, Prof. Dr. Dr. h.c. Hans-Peter Blossfeld, Prof. Dr. Wilfried Bos, Prof. Dr. Hans-Dieter Daniel, Prof. Dr. Bettina Hannover, Prof. Dr. Manfred Prenzel, Prof. Dr. Hans-Gu?nther Roßbach, Prof. Dr. Rudolf Tippelt und Prof. Dr. Ludger Wo?ßmann. 330 1 $aDas Gutachten ist allen Verantwortungstra?gern im Bereich der fru?hkindlichen Bildung zu empfehlen. Es gibt einen guten U?berblick u?ber die aktuelle Personal- und Ausbildungssituation und beinhaltet wertvolle Empfehlungen, wie das Qualifikationsniveau der Fachkra?fte sukzessive angehoben werden kann. - Martin Walz im Rezensionsdienst von socialnet.de 606 $aFachpersonal 606 $afru?hpa?dagogische Einrichtungen 606 $aKindertageseinrichtungen 606 $aBetreuungseinrichtungen 606 $aBildungseinrichtungen 606 $afru?hkindliche Fo?rderung 606 $aLeitungspersonal 606 $aAkademisierung 606 $aAusbildung 606 $aPersonalbedarf 606 $aFachkra?fte 606 $aWeiterbildung 606 $aSozialpa?dagogik und Pa?dagogik der fru?hen Kindheit 615 4$aFachpersonal 615 4$afru?hpa?dagogische Einrichtungen 615 4$aKindertageseinrichtungen 615 4$aBetreuungseinrichtungen 615 4$aBildungseinrichtungen 615 4$afru?hkindliche Fo?rderung 615 4$aLeitungspersonal 615 4$aAkademisierung 615 4$aAusbildung 615 4$aPersonalbedarf 615 4$aFachkra?fte 615 4$aWeiterbildung 615 4$aSozialpa?dagogik und Pa?dagogik der fru?hen Kindheit 702 $avbw - Vereinigung der Bayerischen Wirtschaft e.V$4edt 801 0$bWaxmann 801 1$bWaxmann 906 $aBOOK 912 $a996354441903316 996 $aProfessionalisierung in der Fru?hpa?dagogik$92780377 997 $aUNISA LEADER 01024nam a2200277 i 4500 001 991000946919707536 005 20020502181456.0 008 951206s1990 it ||| | ita 020 $a880433830X 035 $ab11441318-39ule_inst 035 $aPRUMB51981$9ExL 040 $aScuola per assistenti sociali$bita 082 0 $a306.8743 100 1 $aVegetti Finzi, Silvia$0152452 245 13$aIl bambino della notte :$bdivenire donna divenire madre /$cSilvia Vegetti Finzi 260 $aMilano :$bMondadori,$c1990 300 $a278 p. ;$c22 cm. 490 0 $aSaggi [Mondadori] 650 4$aMaternità 907 $a.b11441318$b01-03-17$c01-07-02 912 $a991000946919707536 945 $aLE024 SOC FAM V 9$g1$i2021000161971$lle021$nex DUSS$o-$pE0.00$q-$rl$s- $t0$u4$v1$w4$x0$y.i11626409$z01-07-02 945 $aLE021 NEE54$g1$lle021$o-$pE0.00$q-$rl$s- $t0$u0$v0$w0$x0$y.i1507058x$z05-02-10 996 $aBambino della notte$9100229 997 $aUNISALENTO 998 $ale021$b01-01-95$cm$da $e-$fita$git $h3$i1